LEADER 01581cam0-22003491i-450 001 990005409800403321 005 20230524101855.0 012 $aD.VS 3.am **** **** (3) 1819 (R)$2fei$5IT-NA0105: SG 880/C 18 035 $a000540980 035 $aFED01000540980 035 $a(Aleph)000540980FED01 035 $a000540980 100 $a19990604d1819----km-y0itay50------ba 101 2 $agrc$alat 102 $aIT 140 $aa-----------------bb0------- 200 1 $aIliadis fragmenta antiquissima cum picturis item scholia vetera ad Odysseam edente Angelo Maio Ambrosiani collegii doctore regiarum Galliae Belgii Bavariae et Neapolis Academiarum sodale 210 $aMediolani$cRegiis Typis$d1819 215 $a[8], LXX, 163, [1] p.$cill.$dfol. 312 $aTit. dell'occhietto: Iliadis fragmenta et picturae. Accedunt scholia vetera ad Odysseam. Item Didymi Alexandrini marmorum et lignorum mensurae 517 1 $aIliadis fragmenta et picturae. Accedunt scholia vetera ad Odysseam. Item Didymi Alexandrini marmorum et lignorum mensurae 620 $aItalia.$dMilano 700 1$aHomerus$f<8. sec. a. C.>$0155559 702 1$aMaius,$bAngelus 719 00$aStamperia reale$c$4650 801 0$aIT$bUNINA$gRICA$2UNIMARC 901 $aAQ 912 $a990005409800403321 952 $aSG 880/C 18$bARCH. 3902$fFLFBC 959 $aFLFBC 996 $aIliadis fragmenta antiquissima cum picturis item scholia vetera ad Odysseam edente Angelo Maio Ambrosiani collegii doctore regiarum Galliae Belgii Bavariae et Neapolis Academiarum sodale$93361737 997 $aUNINA LEADER 01875oas 2200589 a 450 001 9910693469503321 005 20251106213014.0 011 $a2150-0509 035 $a(OCoLC)314428037 035 $a(CONSER) 2009230714 035 $a(CKB)1000000000760135 035 $a(EXLCZ)991000000000760135 100 $a20090312a20079999 ua a 101 0 $aeng 135 $aur||||||||||| 181 $ctxt$2rdacontent 182 $cc$2rdamedia 183 $acr$2rdacarrier 200 00$aDevelop and improve strategies for management of irrigated agricultural crops and soils ... annual report 210 $aWashington, D.C. $cU.S. Dept. of Agriculture, Agricultural Research Service 215 $cHTML files 606 $aIrrigation farming$zUnited States$vPeriodicals 606 $aSoil management$zUnited States$vPeriodicals 606 $aIrrigation farming$2fast$3(OCoLC)fst00979613 606 $aSoil management$2fast$3(OCoLC)fst01124446 607 $aUnited States$2fast$1https://id.oclc.org/worldcat/entity/E39PBJtxgQXMWqmjMjjwXRHgrq 608 $aPeriodicals.$2fast 608 $aPeriodicals.$2lcgft 615 0$aIrrigation farming 615 0$aSoil management 615 7$aIrrigation farming. 615 7$aSoil management. 676 $a228 712 02$aSoil Resource Management National Program (U.S.) 712 02$aUnited States.$bAgricultural Research Service. 801 0$bGPO 801 1$bGPO 801 2$bDLC 801 2$bGPO 801 2$bOCLCQ 801 2$bOCLCF 801 2$bOCLCQ 801 2$bOCLCA 801 2$bGILDS 801 2$bOCLCO 801 2$bOCLCQ 801 2$bOCLCL 801 2$bOCLCQ 906 $aJOURNAL 912 $a9910693469503321 996 $aDevelop and improve strategies for management of irrigated agricultural crops and soils ... annual report$93116001 997 $aUNINA